Ετσι απλά : ποιήματα = Asi sencillamente: poesias
Αποθηκεύτηκε σε:
| Κύριος συγγραφέας: | |
|---|---|
| Άλλοι συγγραφείς: | |
| Μορφή: | Βιβλίο |
| Γλώσσα: | Greek Spanish |
| Δημοσίευση: |
Αθήνα :
Δωρικός,
1978.
|
| Θέματα: | |
| Ετικέτες: |
Προσθήκη ετικέτας
Δεν υπάρχουν, Καταχωρήστε ετικέτα πρώτοι!
|
MARC
| LEADER | 00000cam a2200000 i 4500 | ||
|---|---|---|---|
| 001 | 1/35833 | ||
| 008 | 941103s1978####gr | | ||| |||| | gre|| | ||
| 035 | |a 1990 |c ΔΩΡΕΑ |l 10040080 | ||
| 040 | |a GR-MyUA |b gre |e AACR2 | ||
| 041 | 1 | |a gre |h spa | |
| 082 | 0 | |a 889.1 | |
| 100 | 1 | |a Gonzalez-Λασιθιωτάκη, Ντέλια. | |
| 245 | 1 | 0 | |a Ετσι απλά : |b ποιήματα = Asi sencillamente: poesias / |c Ντέλιας Γκονθάλεθ - Λασιθιωτάκη ; μετάφραση Μαίρης Ευθυμάκη. |
| 246 | 1 | |i Παράλληλος τίτλος: |a Asi sencillamente : |b poesias | |
| 260 | |a Αθήνα : |b Δωρικός, |c 1978. | ||
| 300 | |a 271 σ. ; |c 24 εκ. | ||
| 650 | 0 | 0 | |a Greek poetry. |
| 700 | 1 | |a Ευθυμάκη, Μαίρη, |e trlf | |
| 852 | |a INST |b SAMOS |e 19941103 |h 889.1 ΓΚΟ |p 005300000577 |q 005300000577 |t BK |y 0 | ||
| 909 | |a Σ |b 000324 | ||